| 000 | 00547nam a2200157 a 4500 | ||
|---|---|---|---|
| 008 | 160426s2013 ||||||||||||||||| || u | ||
| 020 | _a9781444190045 | ||
| 050 | _aHM 742 Sar | ||
| 100 | _aSardar, Ziauddin | ||
| 245 | 1 | 0 |
_aFuture _cBy Ziauddin Sardar |
| 260 |
_aUnited Kingdom _bHodder and Stoughton _c2013 |
||
| 300 | _a158p.: ill. | ||
| 350 | _a12.99 | ||
| 650 | _aSOCIAL CHANGE | ||
| 995 |
_FCBU-MAIN LIBRARY (Kitwe) _I12.99 _M1 _UAVAILABLE _WMay 10, 2016 _ZMain Library Open Access Collection |
||
| 999 |
_c44239 _d44239 |
||